00241nam a2200097Ia 4500008004100000041000800041100001500049245004200064260002200106650001500128231219s9999 xx 000 0 und d aeng aL.Gartside aModern Business Correspondence 4th Ed bPitman Hongkong  aManagement